BABYMONSTER - Paroles HOT SAUCE - Statistiques

Statistiques générales
  • Ce quiz a été pris 170 fois
  • Le résultat moyen est 243 sur 357
Statistiques - réponses
Hint Réponse % Correct
woo
100%
woo,
100%
sauce,
99%
sauce
99%
(sauce),
99%
(sauce)
99%
sauce)
99%
Chorus Hot
98%
hot
98%
(hot)
98%
Outro (Hot
98%
hot,
98%
B
97%
A
92%
a
92%
ah
92%
O
92%
Y
91%
ever
90%
I
90%
baby,
88%
N
88%
go
87%
(Go)
87%
M
86%
Refrain Fire
82%
fire
82%
Refrain Fire
82%
to
82%
you
82%
You
82%
BABYMONSTER
81%
do
80%
the
80%
The
80%
we
80%
We
80%
got
79%
Couplet 2 Got
79%
want
79%
Everybody
78%
are
77%
some
76%
don't
75%
like
75%
your
75%
girls
74%
that
74%
that,
74%
ready
73%
think
71%
Think
71%
what
71%
but
69%
higher
69%
I'm
69%
mind
69%
on
68%
tonight
67%
About
66%
about
66%
'Bout
66%
Call
65%
red,
65%
Red,
65%
blow
64%
brought
63%
can't
63%
'em
63%
handle
63%
stage
62%
bring
60%
chilli
60%
deadly
60%
party
60%
pepper,
60%
Too
59%
addictive,
58%
not
58%
talking
57%
doctors,
56%
wasabi
56%
Cheetos
55%
it
55%
it,
55%
monster
55%
'Cause
54%
'cause
54%
Feeling
54%
paramedics
53%
you're
53%
beat,
52%
know
52%
energy
51%
flavor
51%
leave
51%
jalapeno
49%
little
49%
me
49%
of
48%
Step
48%
eat
47%
breathless
46%
bit
45%
up
45%
an
44%
move
44%
never
44%
never,
44%
night,
44%
Turn
44%
wherever
44%
this
43%
yeah
43%
Yeah,
43%
get
42%
Get
42%
green,
42%
pyrotechnics
42%
they
42%
yellow,
42%
everything,
41%
hit
41%
us
40%
heat,
38%
behavior
37%
mean,
37%
Way
37%
Ask
36%
came
36%
need
36%
whole
36%
all
35%
lot
35%
secret
35%
tired
35%
calling
34%
how
34%
kinda
34%
lemonade,
34%
remedy
34%
Carolina
33%
expire
31%
Hundred
31%
it's
31%
miles
31%
hour,
30%
recipe
30%
beasts
29%
Bet
29%
set
29%
ahead
26%
vibe
26%
pot
24%
felt
22%
reaper
22%
Interlude Hol
19%
hol
19%
Bridge We'll
19%
won't
18%
hold
16%
Sprinkle
16%
stirring
11%
Aucun quiz correspondant
Distribution des résultats
% des personnes avec chaque résultat
Percentile par nombre de réponses
Votre historique - résultats
Vous n’avez pas pris ce quiz